Africa : (Record no. 126787)

MARC details
000 -LEADER
fixed length control field 00805cam a2200253 a 4500
008 - FIXED-LENGTH DATA ELEMENTS--GENERAL INFORMATION
fixed length control field
020 ## - INTERNATIONAL STANDARD BOOK NUMBER
International Standard Book Number 9781842779095 (pbk.)
049 ## - LOCAL HOLDINGS (OCLC)
Holding library MAIN
090 ## - LOCALLY ASSIGNED LC-TYPE CALL NUMBER (OCLC); LOCAL CALL NUMBER (RLIN)
Classification number (OCLC) (R) ; Classification number, CALL (RLIN) (NR) JQ1875
Local cutter number (OCLC) ; Book number/undivided call number, CALL (RLIN) CHA
003 - CONTROL NUMBER IDENTIFIER
control field
005 - DATE AND TIME OF LATEST TRANSACTION
control field 20230123122036.0
040 ## - CATALOGING SOURCE
Transcribing agency NUST
100 1# - MAIN ENTRY--PERSONAL NAME
Personal name Chabal, Patrick.
245 10 - TITLE STATEMENT
Title Africa :
Remainder of title the politics of suffering and smiling /
Statement of responsibility, etc. Patrick Chabal.
260 ## - PUBLICATION, DISTRIBUTION, ETC.
Place of publication, distribution, etc. Pietermaritzburg :
Name of publisher, distributor, etc. University of KwaZulu-Natal Press,
Date of publication, distribution, etc. 2009.
300 ## - PHYSICAL DESCRIPTION
Extent xii, 212 p. ;
Dimensions 22 cm.
490 1# - SERIES STATEMENT
Series statement World political theories
500 ## - GENERAL NOTE
General note Includes index.
504 ## - BIBLIOGRAPHY, ETC. NOTE
Bibliography, etc. note Includes bibliographical references.
651 #0 - SUBJECT ADDED ENTRY--GEOGRAPHIC NAME
Geographic name Africa
General subdivision Politics and government
-- Philosophy.
830 #0 - SERIES ADDED ENTRY--UNIFORM TITLE
Uniform title World political theories.
907 ## - LOCAL DATA ELEMENT G, LDG (RLIN)
a .b1033676x
b 05-11-13
c 04-11-13
942 ## - ADDED ENTRY ELEMENTS (KOHA)
Koha item type Ordinary Loan Books
Call number prefix JQ1875
Call number suffix CHA
Holdings
Date last seen Total Checkouts Full call number Barcode Cost, replacement price Price effective from Koha item type Lost status Source of classification or shelving scheme Damaged status Not for loan Collection Withdrawn status Home library Current library Shelving location Date acquired Cost, normal purchase price
01/23/2023 4 JQ1875 CHA 92004040582 80.00 01/23/2023 BOOKS   LCC     NFIC   MAIN MAIN GEN 01/23/2023 80.00